| 000 | 01361nam a2200349 c 4500 | ||
|---|---|---|---|
| 001 | 59139 | ||
| 003 | CO-BoRNBP | ||
| 005 | 20250911214434.0 | ||
| 007 | ta | ||
| 008 | 210901r20202021sp a jr 000 0 spa d | ||
| 020 | _a9788494274732 | ||
| 040 |
_aCO-BoRNBP _bspa _erda _cCO-BoRNBP |
||
| 041 | 1 | _aspa | |
| 082 | 0 | 4 |
_a030 _bG65l _223 |
| 082 | 0 | 4 |
_a508 _bG65l _222 |
| 100 |
_aGómez Carrizo, Pedro _eaut _964886 |
||
| 245 | 1 | 3 |
_aEl libro de los porqués / _cPedro Gómez Carrizo. |
| 250 | _aPrimera edición | ||
| 264 | 1 |
_aBarcelona, España : _bBiblok Book Export, _c2022 |
|
| 300 |
_a302 páginas : _bilustraciones y fotografías a color |
||
| 336 |
_atexto _btxt _2rdacontent |
||
| 337 |
_asin mediación _bn _2rdamedia |
||
| 338 |
_avolumen _bnc _2rdacarrier |
||
| 500 | _aContiene índice onomástico | ||
| 500 | _aNota en caratula: Las verdaderas respuestas, insólitas, extrañas pero indiscutibles sobre el mundo animal, los misterios científicos, las costumbres sociales y los avances tecnológicos | ||
| 505 | 2 | _aNaturaleza -- Cuerpo humano -- Animales -- Alimentos -- Vida cotidiana | |
| 521 | _aRecomendado para un público mayor de 12 años | ||
| 650 | 0 | 7 |
_aTierra _vPreguntas y respuestas _2lemb _964887 |
| 650 | 0 | 7 |
_aCiencia _vPreguntas y respuestas _2LEMB _964888 |
| 650 | 0 | 7 |
_aAnimales _vPreguntas y respuestas _2LEMB _964889 |
| 942 |
_2ddc _cBK |
||
| 999 |
_c59139 _d59139 |
||